[Event "Mauricie-ch"]
[Site "Shawinigan"]
[Date "2003.03.21"]
[Round "1"]
[White "Beauregard, Simon"]
[Black "Kraiouchkine, Nikita"]
[Result "0-1"]
[WhiteElo "1362"]
[BlackElo "1225"]
[PlyCount "78"]
[EventDate "2003.03.21"]
[EventType "swiss"]
[EventRounds "5"]
[EventCountry "CAN"]
[SourceTitle "EXT 2022"]
[Source "ChessBase"]
[SourceDate "2021.10.06"]
[SourceVersion "1"]
[SourceVersionDate "2021.10.06"]
[SourceQuality "1"]

1. e4 e5 2. Nf3 Nc6 3. Bb5 a6 4. Bxc6 dxc6 5. d3 Bd6 6. 0-0 Bg4 7. h3 Bh5 8. b3 f6 9. c4 g5 10. g4 Bf7 11. Nh2 Qd7 12. Ba3 0-0-0 13. c5 Be7 14. Qe2 h5 15. Kg2 hxg4 16. Nxg4 Qxd3 17. Qxd3 Rxd3 18. Rh1 Be6 19. f3 Bxg4 20. fxg4 Re3 21. Bc1 Rxe4 22. Nc3 Rd4 23. Be3 Rd3 24. Nd1 Nh6 25. b4 Rhd8 26. Kf3 R8d5 27. h4 Nf7 28. h5 Nh6 29. Nf2 Ra3 30. Ne4 Rdd3 31. Rhe1 f5 32. Nf2 Rdc3 33. gxf5 Nxf5 34. Ng4 Nd4+ 35. Ke4 Nc2 36. Rac1 Nxe1 37. Rxc3 Rxc3 38. Bd2 Rc4+ 39. Kxe5 Nf3+ 0-1